=LDR 00000nam 2200000 4500 =001 INLIS000000000809960 =005 20250909024432 =035 ##$$a 0010-0925000085 =245 ##$$a Sejarah nasional Indonesia VI : $b /$c Editor umum: Marwati Djoened Poesponegoro, Nugroho Notosusanto; Editor umum pemutakhiran: R.P. Soejono, R.Z. Leirissa =250 ##$$a ed. pemutakhiran cet. 4 =260 ##$$a Jakarta : :$b Balai Pustaka,,$c 2010 =300 ##$$a xxxix, 534 hlm. : $b ilus. ; $c 25 cm =500 ##$$a Indeks =504 ##$$a Bibliografi: hlm. 485 =007 ta =008 250909###########################0#ind## =020 ##$$a 979-407-408-X =082 ##$$a 959.8 =084 ##$$a 959.8 SEJ =990 ##$$a 00000001911